[Event "21st Asia-ch (w)"]
[Site "Chengdu CHN"]
[Date "2017.05.12"]
[Round "1.11"]
[White "Tokhiryonova, Gulrukhbegim"]
[Black "Zhang Lanlin"]
[Result "1/2-1/2"]
[WhiteElo "2299"]
[BlackElo "2067"]
[EventDate "2017.05.12"]
[PlyCount "97"]

1.d4 d5 2.Nf3 Nf6 3.c4 c6 4.e3 e6 5.Bd3 Nbd7 6.b3 Bd6 7.Bb2 O-O 8.O-O b6 
9.Nbd2 Bb7 10.Ne5 c5 11.cxd5 exd5 12.f4 cxd4 13.exd4 Ne4 14.Rc1 Nxe5 15.
fxe5 Be7 16.Rc2 Rc8 17.Rxc8 Qxc8 18.Nxe4 dxe4 19.Bc4 Ba6 20.Qe2 Bxc4 21.
Qxc4 Qxc4 22.bxc4 f6 23.Re1 Rc8 24.d5 fxe5 25.Rxe4 Bd6 26.Kf1 a6 27.Ke2 b5
28.Kd3 Re8 29.h3 Kf7 30.Re2 Kf6 31.Rc2 Rc8 32.Rf2+ Ke7 33.cxb5 axb5 34.Re2
Kf6 35.Rf2+ Ke7 36.Ke4 Rc4+ 37.Kf5 g6+ 38.Kg5 Bc5 39.Re2 e4 40.Kh6 e3 41.
Kxh7 Kf7 42.g4 Rf4 43.Rc2 Rc4 44.Re2 Rf4 45.Rc2 Rc4 46.Re2 Rf4 47.Rc2 Rc4 
48.Re2 Rf4 49.Rc2 1/2-1/2

[Event "21st Asia-ch (w)"]
[Site "Chengdu CHN"]
[Date "2017.05.12"]
[Round "1.12"]
[White "Du Yuxin"]
[Black "Gong Qianyun"]
[Result "1/2-1/2"]
[WhiteElo "2046"]
[BlackElo "2298"]
[EventDate "2017.05.12"]
[PlyCount "108"]

1.e4 c5 2.Nf3 e6 3.g3 d5 4.exd5 exd5 5.d4 Nc6 6.Bg2 Bg4 7.O-O cxd4 8.Re1+ 
Be7 9.Qd3 Bxf3 10.Qxf3 Nf6 11.Bg5 O-O 12.Bxf6 Bxf6 13.Qxd5 Qxd5 14.Bxd5 
Nb4 15.Bb3 Rac8 16.Na3 b5 17.Rad1 a6 18.Kg2 h6 19.Re4 Nc6 20.Nb1 Na5 21.c3
Rfd8 22.cxd4 Nxb3 23.axb3 Rc2 24.Rd2 Rxd2 25.Nxd2 Rxd4 26.Re8+ Kh7 27.Ne4 
Bd8 28.Nc5 a5 29.Re2 Bb6 30.Ne4 Rb4 31.Nd2 Bd4 32.Re4 f5 33.Rf4 g5 34.Rxf5
Bxb2 35.Rf7+ Kg8 36.Rc7 Rd4 37.Nf3 Rd3 38.Ra7 Bc3 39.Rb7 Rd5 40.Ra7 Rd1 
41.Rb7 b4 42.Rb5 Rb1 43.Rxa5 Rxb3 44.Rb5 Rb2 45.Ne5 Bxe5 46.Rxe5 b3 47.Rb5
Rb1 48.Rb7 b2 49.Kh3 h5 50.f3 Kf8 51.f4 h4 52.fxg5 hxg3 53.Kg2 gxh2 54.
Kxh2 Kg8 1/2-1/2

[Event "21st Asia-ch (w)"]
[Site "Chengdu CHN"]
[Date "2017.05.12"]
[Round "1.13"]
[White "Frayna, Janelle Mae"]
[Black "Nie Xin"]
[Result "1/2-1/2"]
[WhiteElo "2287"]
[BlackElo "2045"]
[EventDate "2017.05.12"]
[PlyCount "57"]

1.d4 Nf6 2.c4 e6 3.g3 d5 4.Nf3 Bb4+ 5.Bd2 Bd6 6.Nc3 Nbd7 7.Qc2 dxc4 8.e4 
e5 9.O-O-O c6 10.Bxc4 Qe7 11.dxe5 Nxe5 12.Nxe5 Bxe5 13.f4 Bd4 14.Qd3 Bc5 
15.h3 Be6 16.e5 Rd8 17.Qe2 Nd5 18.Ne4 Bf5 19.g4 Bxe4 20.Qxe4 Nb6 21.Ba5 
Nxc4 22.Qxc4 Be3+ 23.Bd2 Qc5 24.Qxc5 Bxc5 25.Bc3 Be3+ 26.Bd2 Bd4 27.Bc3 
Be3+ 28.Bd2 Bd4 29.Bc3 1/2-1/2

[Event "21st Asia-ch (w)"]
[Site "Chengdu CHN"]
[Date "2017.05.12"]
[Round "1.15"]
[White "Nguyen Thi Thanh An"]
[Black "Xu Yuze"]
[Result "1/2-1/2"]
[WhiteElo "2280"]
[BlackElo "2040"]
[EventDate "2017.05.12"]
[PlyCount "209"]

1.Nf3 Nf6 2.g3 g6 3.c4 c5 4.Bg2 Bg7 5.O-O O-O 6.Nc3 Nc6 7.d4 cxd4 8.Nxd4 
Nxd4 9.Qxd4 d6 10.Qd3 Bf5 11.e4 Be6 12.Bd2 Nd7 13.b3 Ne5 14.Qe2 Rc8 15.
Rfe1 Nc6 16.Rac1 a6 17.Nd5 Re8 18.Be3 Bd4 19.Red1 Bxe3 20.Qxe3 Qa5 21.Nf4 
Qxa2 22.Nxe6 fxe6 23.Bh3 Nd8 24.e5 Qa3 25.Rd4 Qc5 26.exd6 exd6 27.Rcd1 Rc6
28.Rxd6 Qxd6 29.Rxd6 Rxd6 30.Bg4 Rd7 31.h4 Rde7 32.Qc5 Nf7 33.h5 Kg7 34.
Bf3 e5 35.hxg6 hxg6 36.Bd5 Nd8 37.Be4 Re6 38.Qc7+ R6e7 39.Qc5 Re6 40.b4 
R6e7 41.b5 axb5 42.Qxb5 Re6 43.Bxb7 Nxb7 44.Qxb7+ R6e7 45.Qd5 Rc8 46.Kg2 
Rec7 47.Qxe5+ Kh7 48.g4 Rxc4 49.Qe7+ Kg8 50.Kg3 R8c5 51.f4 Rc3+ 52.Kh4 Rc1
53.Qd8+ Kf7 54.Qd7+ Kf8 55.Qe6 Kg7 56.Qe7+ Kg8 57.Qe4 Kf7 58.Qb7+ Rc7 59.
Qd5+ Kg7 60.Qd4+ Kf7 61.Kg5 R7c6 62.Qd5+ Kg7 63.Qe5+ Kf7 64.Qh8 R6c5+ 65.
f5 gxf5 66.Qf6+ Kg8 67.Qe6+ Kf8 68.Qd6+ Kg7 69.Qd7+ Kg8 70.gxf5 Rc6 71.
Qe8+ Kg7 72.Qe7+ Kg8 73.Qd8+ Kf7 74.Qd5+ Kf8 75.Qd8+ Kf7 76.Qd7+ Kf8 77.
Qd4 R1c5 78.Qh8+ Kf7 79.Qh7+ Kf8 80.Qb7 Kg8 81.Qe7 Rc7 82.Qe8+ Kg7 83.Qg6+
Kf8 84.Qd6+ Kg8 85.Qd8+ Kg7 86.Qd4+ Kf7 87.Qh8 R7c6 88.Qh7+ Kf8 89.Qd7 Kg8
90.Qe7 Rc7 91.Qe8+ Kg7 92.Qg6+ Kf8 93.Qh6+ Kg8 94.Qe6+ Kf8 95.Qd6+ Kg8 96.
Qd8+ Kg7 97.Qd4+ Kf7 98.Qh8 R7c6 99.Qa8 Kg7 100.Qb7+ Kg8 101.Qd7 Kf8 102.
Kh5 Rf6 103.Kg5 Rcxf5+ 104.Qxf5 Rxf5+ 105.Kxf5 1/2-1/2

[Event "21st Asia-ch (w)"]
[Site "Chengdu CHN"]
[Date "2017.05.12"]
[Round "1.16"]
[White "Mukhit, Aisezym"]
[Black "Swathi, Ghate"]
[Result "1/2-1/2"]
[WhiteElo "2034"]
[BlackElo "2280"]
[EventDate "2017.05.12"]
[PlyCount "117"]

1.d4 Nf6 2.c4 e6 3.Nc3 Bb4 4.e3 O-O 5.Bd3 d5 6.a3 Bxc3+ 7.bxc3 b6 8.cxd5 
exd5 9.Ne2 Ba6 10.Ng3 Re8 11.f3 c5 12.O-O Bxd3 13.Qxd3 Nbd7 14.Rd1 h5 15.
Qf5 g6 16.Qf4 c4 17.e4 dxe4 18.fxe4 h4 19.Qxh4 Nxe4 20.Qf4 Ndf6 21.Rf1 Qd5
22.Nxe4 Nxe4 23.Qf3 Rad8 24.Bf4 Qf5 25.g4 Qd7 26.Rae1 Nf6 27.Bg5 Rxe1 28.
Bxf6 Rxf1+ 29.Kxf1 Qd6 30.Bxd8 Qxd8 31.Qf4 Qd5 32.Kf2 Qa5 33.Qe3 Qxa3 34.
Qe8+ Kg7 35.Qe5+ Kh7 36.d5 Qc5+ 37.Kf3 b5 38.Ke4 Qf2 39.d6 Qg2+ 40.Ke3 
Qh3+ 41.Qg3 Qf1 42.Kd4 Qf6+ 43.Kc5 Qg5+ 44.Kc6 b4 45.cxb4 Qf6 46.g5 Qd4 
47.d7 c3 48.Qh3+ Kg8 49.Kc7 c2 50.d8=Q+ Qxd8+ 51.Kxd8 c1=Q 52.Qh4 Qc3 53.
Qf4 a5 54.bxa5 Qxa5+ 55.Ke7 Qc5+ 56.Kf6 Qc3+ 57.Ke7 Qe1+ 58.Kd6 Qe6+ 59.
Kc5 1/2-1/2

[Event "21st Asia-ch (w)"]
[Site "Chengdu CHN"]
[Date "2017.05.12"]
[Round "1.19"]
[White "Mohota, Nisha"]
[Black "Hamedi Nia, Vesal"]
[Result "1-0"]
[WhiteElo "2260"]
[BlackElo "1998"]
[EventDate "2017.05.12"]
[PlyCount "91"]

1.e4 c5 2.Nf3 e6 3.c3 d5 4.exd5 Qxd5 5.d4 Nf6 6.Na3 Be7 7.Be3 cxd4 8.Nb5 
Na6 9.Qxd4 O-O 10.Qxd5 Nxd5 11.Bxa7 Bd7 12.Be3 f6 13.Bc4 Rfc8 14.Bxd5 exd5
15.Nbd4 Nc5 16.O-O Nd3 17.Bc1 Kf7 18.Rd1 Nc5 19.Be3 Na4 20.Rd2 Nb6 21.a3 
Nc4 22.Re2 Bd6 23.Rae1 g5 24.Bc1 h6 25.h3 Rg8 26.Nd2 Ne5 27.Nf1 h5 28.Ne3 
Nd3 29.Nef5 Be5 30.Rd1 Nxc1 31.Rxc1 Rge8 32.Rd1 Bxf5 33.Nxf5 Bh2+ 34.Kf1 
Rxe2 35.Kxe2 Ke6 36.Nd4+ Kd6 37.g3 h4 38.Kf3 hxg3 39.fxg3 Re8 40.Kg2 Bxg3 
41.Kxg3 Re3+ 42.Kg2 Kc5 43.Rd2 Re1 44.Rf2 Rb1 45.b3 Rc1 46.Rf3 1-0

[Event "21st Asia-ch (w)"]
[Site "Chengdu CHN"]
[Date "2017.05.12"]
[Round "1.20"]
[White "Doan Thi Van Anh"]
[Black "Nguyen Thi Mai Hung"]
[Result "0-1"]
[WhiteElo "1997"]
[BlackElo "2257"]
[EventDate "2017.05.12"]
[PlyCount "50"]

1.d4 d5 2.c4 c6 3.Nf3 Nf6 4.Qc2 g6 5.e3 Bf5 6.Bd3 Bxd3 7.Qxd3 Bg7 8.O-O 
O-O 9.Nc3 Nbd7 10.e4 dxe4 11.Nxe4 Qc7 12.Re1 Rfe8 13.Bg5 Nxe4 14.Qxe4 e5 
15.Rad1 f5 16.Qe3 e4 17.Nh4 c5 18.dxc5 Nxc5 19.b3 Nd3 20.Re2 f4 21.Qh3 Qc5
22.Nf3 exf3 23.Qxf3 Qxg5 24.Rxd3 Rxe2 25.Qxe2 Qe5 0-1

[Event "21st Asia-ch (w)"]
[Site "Chengdu CHN"]
[Date "2017.05.12"]
[Round "1.21"]
[White "Ren Xiaoyi"]
[Black "Atabaeva, Gozel"]
[Result "1/2-1/2"]
[WhiteElo "2257"]
[BlackElo "1990"]
[EventDate "2017.05.12"]
[PlyCount "150"]

1.d4 Nf6 2.Bf4 d5 3.e3 h6 4.h3 c5 5.Nf3 Bf5 6.Bd3 Ne4 7.Nbd2 e6 8.Bxb8 
Rxb8 9.Bb5+ Ke7 10.dxc5 Nxc5 11.O-O g5 12.b4 Nd7 13.Nd4 Bg6 14.Bd3 f5 15.
c4 Ne5 16.Be2 Bg7 17.Rc1 Rc8 18.Qa4 a6 19.b5 axb5 20.Qxb5 Qd7 21.Qb4+ Kf7 
22.cxd5 exd5 23.Nb5 Nc6 24.Qb3 Rhd8 25.e4 Kg8 26.exd5 Na5 27.Qa4 Rxc1 28.
Rxc1 Qxd5 29.Nf3 b6 30.Nc7 Qe4 31.Qb5 Rd6 32.Bf1 f4 33.Re1 Qc6 34.Ne8 Qxb5
35.Bxb5 Bxe8 36.Rxe8+ Kf7 37.Rc8 Kf6 38.Rc7 Re6 39.Nd4 Re7 40.Rc8 Ke5 41.
Rd8 Kf6 42.Rd5 Kf7 43.Kh2 Bxd4 44.Rxd4 Re6 45.h4 Kf6 46.Kh3 Nc6 47.Rd5 Ne5
48.f3 Nf7 49.Kg4 Re5 50.Rxe5 Nxe5+ 51.Kh5 Nf7 52.Bc6 Nd8 53.Bd5 Ke5 54.Bb3
gxh4 55.Kxh6 Nc6 56.Kg5 Nd4 57.Kxh4 Nf5+ 58.Kh3 Nd4 59.Kh2 b5 60.Bd1 b4 
61.g4 fxg3+ 62.Kxg3 Nf5+ 63.Kf2 Kd4 64.Bb3 Kd3 65.Be6 Nd4 66.Bd5 Nb5 67.
Kg3 Nc3 68.Bb3 Ke3 69.Kg4 Ne2 70.Bc4 Nf4 71.Bb3 Ne2 72.Bc4 Nf4 73.Bb3 Ne2 
74.Bc4 Nf4 75.Bb3 Ne2 1/2-1/2

[Event "21st Asia-ch (w)"]
[Site "Chengdu CHN"]
[Date "2017.05.12"]
[Round "1.22"]
[White "Song Yuxin"]
[Black "Nandhidhaa, Venkatachalam"]
[Result "0-1"]
[WhiteElo "1977"]
[BlackElo "2252"]
[EventDate "2017.05.12"]
[PlyCount "124"]

1.e4 c5 2.Nf3 e6 3.d4 cxd4 4.Nxd4 a6 5.c4 Nf6 6.Nc3 Qc7 7.Be3 b6 8.a3 Bb7 
9.f3 Be7 10.Be2 O-O 11.O-O d6 12.Rc1 Nbd7 13.b4 Rac8 14.Qe1 Rfe8 15.Qf2 
Qb8 16.Rfd1 Bd8 17.Nb3 Bc7 18.g3 h5 19.Bg5 Nh7 20.Be3 h4 21.gxh4 Nhf6 22.
Bf4 Nf8 23.Be3 d5 24.Nd2 N8d7 25.Kh1 Bf4 26.Bxf4 Qxf4 27.Qg3 Nh5 28.Qxf4 
Nxf4 29.Nb3 dxc4 30.Nd4 Ne5 31.Bf1 Red8 32.Rc2 Ned3 33.Nxe6 fxe6 34.Kg1 b5
35.Rcd2 Rf8 36.Bg2 Ng6 37.h5 Nh4 38.Ne2 Nxf3+ 39.Bxf3 Rxf3 40.Nd4 Rf4 41.
Re2 Bxe4 42.h3 Re8 43.Rf1 Rxf1+ 44.Kxf1 Bd5 45.Re3 e5 46.Ne2 Rf8+ 47.Kg1 
e4 48.Nc3 Bc6 49.Rg3 Rf3 50.Rg6 Ne5 51.Re6 Rxc3 52.Rxe5 e3 53.Re6 Bf3 54.
Re8+ Kf7 55.Re5 Kf6 56.Re8 Kg5 57.h6 gxh6 58.Rg8+ Kh4 59.Rg4+ Kxh3 60.Rh4+
Kxh4 61.Kh2 Rc1 62.a4 Rh1# 0-1

[Event "21st Asia-ch (w)"]
[Site "Chengdu CHN"]
[Date "2017.05.12"]
[Round "1.23"]
[White "Uuriintuya, Uurtsaikh"]
[Black "Khan, Nazrana"]
[Result "1-0"]
[WhiteElo "2251"]
[BlackElo "1912"]
[EventDate "2017.05.12"]
[PlyCount "79"]

1.e4 c5 2.Nf3 e6 3.d4 cxd4 4.Nxd4 Nc6 5.Nc3 Qc7 6.Be3 a6 7.Be2 Nf6 8.O-O 
Be7 9.f4 d6 10.a4 O-O 11.Kh1 Bd7 12.Nb3 b6 13.g4 Be8 14.Bf3 Nd7 15.g5 Nc5 
16.Nd2 Rb8 17.Bg2 b5 18.axb5 axb5 19.Qg4 Bd7 20.Qg3 b4 21.Ne2 f5 22.exf5 
exf5 23.Bxc5 dxc5 24.Bd5+ Kh8 25.Nc4 Be8 26.Qg2 Rd8 27.Kg1 Bd6 28.Rad1 Nd4
29.Nxd6 Rxd6 30.Nxd4 cxd4 31.Bf3 Qc5 32.Qf2 Bb5 33.Rfe1 Rc8 34.Re5 Qc4 35.
b3 Qxc2 36.Qxc2 Rxc2 37.Rxb5 g6 38.Rd5 Re6 39.Rd8+ Kg7 40.Bd5 1-0

[Event "21st Asia-ch (w)"]
[Site "Chengdu CHN"]
[Date "2017.05.12"]
[Round "1.24"]
[White "Omurbekova, Diana"]
[Black "Chu Ruotong"]
[Result "1-0"]
[WhiteElo "1822"]
[BlackElo "2251"]
[EventDate "2017.05.12"]
[PlyCount "65"]

1.e4 c5 2.Nf3 e6 3.d3 Nc6 4.g3 g6 5.Bg2 Bg7 6.O-O Nge7 7.c3 O-O 8.Be3 d6 
9.Qd2 e5 10.b4 cxb4 11.cxb4 d5 12.b5 Nd4 13.Bxd4 exd4 14.e5 a6 15.Na3 Bd7 
16.Rab1 Re8 17.Rfe1 Nf5 18.bxa6 Rxa6 19.Nb5 Ra4 20.Qc2 Qa5 21.Qb3 Bf8 22.
a3 Bxb5 23.Qxb5 Qxb5 24.Rxb5 Rxa3 25.Rxb7 Rxd3 26.Rd7 Rb8 27.Rxd5 Rbb3 ( 
27...Rdb3 28.Ng5 Ne7 ) 28.Ng5 Ne7 29.Rd8 h6 30.Ne4 Kg7 31.Nc5 Nc6 32.Rxf8 
Nxe5 33.Rd8 1-0

[Event "21st Asia-ch (w)"]
[Site "Chengdu CHN"]
[Date "2017.05.12"]
[Round "1.25"]
[White "Liu Shilan"]
[Black "Wen Yili"]
[Result "0-1"]
[WhiteElo "2234"]
[BlackElo "1723"]
[EventDate "2017.05.12"]
[PlyCount "108"]

1.e4 e5 2.Nf3 Nc6 3.Bb5 a6 4.Ba4 Nf6 5.d3 b5 6.Bb3 Be7 7.O-O d6 8.a4 b4 9.
Nbd2 Na5 10.Ba2 c5 11.Nc4 O-O 12.Bg5 h6 13.Bxf6 Bxf6 14.Nxa5 Qxa5 15.Nd2 
Qc7 16.Bd5 Ra7 17.c3 bxc3 18.bxc3 Bb7 19.Qb3 Bg5 20.Nf3 Bxd5 21.Qxd5 Be7 
22.Nd2 Rb7 23.Nc4 Rfb8 24.g3 Rb3 25.Rfc1 g6 26.d4 exd4 27.cxd4 Rd3 28.Rd1 
Rxd4 29.Rxd4 cxd4 30.Qxd4 Rb4 31.Rc1 Rxa4 32.Qd3 Qc5 33.Rc2 Qb4 34.Kg2 Qb5
35.f3 a5 36.Qc3 Rb4 37.Ne3 Rb1 38.Qd4 Bf8 39.Rf2 Qe5 40.Qa4 Ra1 41.Qd7 a4 
42.Rc2 Qe7 43.Qb5 a3 44.Rc8 Ra2+ 45.Nc2 Rb2 46.Qa4 a2 47.Qa8 Kg7 48.g4 Kh7
49.Rxf8 Rxc2+ 50.Kh3 Qxf8 51.Qxf8 a1=Q 52.Qxf7+ Qg7 53.Qd5 Qe7 54.Qd3 Qc7 
0-1

[Event "21st Asia-ch (w)"]
[Site "Chengdu CHN"]
[Date "2017.05.13"]
[Round "2.2"]
[White "Khademalsharieh, Sarasadat"]
[Black "Vaishali, Ramesh Babu"]
[Result "1/2-1/2"]
[WhiteElo "2450"]
[BlackElo "2272"]
[EventDate "2017.05.12"]
[PlyCount "67"]

1.d4 Nf6 2.c4 e6 3.Nf3 d5 4.Nc3 a6 5.cxd5 exd5 6.Bf4 Bd6 7.Bxd6 Qxd6 8.e3 
Bf5 9.Qb3 O-O 10.Be2 Nbd7 11.O-O c5 12.dxc5 Nxc5 13.Qb4 Rfd8 14.Rfd1 a5 
15.Qa3 b6 16.Rac1 Rac8 17.h3 h6 18.Nd4 Bg6 19.Na4 Nfe4 20.Bf3 Qf6 21.Nxc5 
Nxc5 22.Rc3 Be4 23.Rdc1 Rc7 24.Be2 Qg5 25.Bf1 Kh7 26.f3 Bg6 27.b4 axb4 28.
Qxb4 Rdc8 29.Nb5 Re7 30.Qg4 Ra8 31.Qxg5 hxg5 32.a3 Na4 33.Rb3 Nc5 34.Rbc3 
1/2-1/2

[Event "21st Asia-ch (w)"]
[Site "Chengdu CHN"]
[Date "2017.05.13"]
[Round "2.3"]
[White "Pratyusha, Bodda"]
[Black "Mongontuul, Batchujagijn"]
[Result "1/2-1/2"]
[WhiteElo "2269"]
[BlackElo "2431"]
[EventDate "2017.05.12"]
[PlyCount "53"]

1.e4 c5 2.Nf3 e6 3.d4 cxd4 4.Nxd4 Nc6 5.Nc3 Qc7 6.Be3 a6 7.Qf3 Nf6 8.O-O-O
Bb4 9.Nxc6 bxc6 10.Bd4 Be7 11.e5 Nd5 12.Qg3 O-O 13.Bd3 Nb4 14.Ne4 c5 15.
Nf6+ Bxf6 16.Bxh7+ Kxh7 17.exf6 Qxg3 18.hxg3+ Kg6 19.Bxc5 Nxa2+ 20.Kb1 Rg8
21.Kxa2 Kxf6 22.Rd4 d5 23.Rf4+ Kg6 24.Rg4+ Kf5 25.Rf4+ Kg6 26.Rg4+ Kf5 27.
Rf4+ 1/2-1/2

[Event "21st Asia-ch (w)"]
[Site "Chengdu CHN"]
[Date "2017.05.13"]
[Round "2.5"]
[White "Soumya, Swaminathan"]
[Black "Mohota, Nisha"]
[Result "1/2-1/2"]
[WhiteElo "2359"]
[BlackElo "2260"]
[EventDate "2017.05.12"]
[PlyCount "86"]

1.e4 e5 2.Nf3 Nc6 3.Bb5 a6 4.Ba4 Nf6 5.O-O Be7 6.d3 d6 7.c3 O-O 8.Re1 Re8 
9.Nbd2 Bf8 10.Nf1 h6 11.d4 exd4 12.Nxd4 Bd7 13.Nxc6 Bxc6 14.Bxc6 bxc6 15.
Ng3 g6 16.Bd2 Bg7 17.Qa4 c5 18.Rad1 Qb8 19.Qc2 c4 20.Bf4 Qb5 21.Re2 Rab8 
22.f3 Nd7 23.Rd5 Qc6 24.Be3 Rb5 25.Rd1 Reb8 26.Bd4 Nc5 27.Qd2 Ne6 28.Be3 
Qb7 29.Rb1 Kh7 30.f4 Nc5 31.Bxc5 Rxc5 32.Rf1 Rb5 33.Rff2 Qa7 34.Qc1 Bf6 
35.Nf1 Re8 36.Kh1 Rxe4 37.Nd2 Rxe2 38.Rxe2 d5 39.Nf3 Rb8 40.h4 Qc5 41.f5 
Kg7 42.fxg6 fxg6 43.g4 Qd6 1/2-1/2

[Event "21st Asia-ch (w)"]
[Site "Chengdu CHN"]
[Date "2017.05.13"]
[Round "2.8"]
[White "Wen Yili"]
[Black "Nakhbaeva, Guliskhan"]
[Result "0-1"]
[WhiteElo "1723"]
[BlackElo "2321"]
[EventDate "2017.05.12"]
[PlyCount "80"]

1.Nf3 Nf6 2.c4 e6 3.g3 d5 4.Bg2 dxc4 5.Qa4+ Nbd7 6.Qxc4 a6 7.Qc2 c5 8.O-O 
b6 9.Nc3 Bb7 10.Rd1 Rc8 11.d3 Bd6 12.Bd2 O-O 13.a3 h6 14.Rac1 Qe7 15.Qb1 
Rfd8 16.Be1 b5 17.Nd2 Bxg2 18.Kxg2 Bb8 19.Nce4 Nd5 20.Nb3 f5 21.Nc3 N5f6 
22.Na5 Ne5 23.Na2 Bc7 24.Nb7 Rd5 25.b4 c4 26.Nc5 cxd3 27.Nxd3 Nc4 28.Nc3 
Rdd8 29.Qb3 Bb6 30.a4 Ng4 31.Kg1 Qb7 32.Nf4 Re8 33.Ng2 Qa7 34.e3 Nce5 35.
a5 Nf3+ 36.Kh1 Nxe1 37.axb6 Nxf2+ 38.Kg1 Nh3+ 39.Kf1 Qb7 40.e4 Qxb6 0-1

[Event "21st Asia-ch (w)"]
[Site "Chengdu CHN"]
[Date "2017.05.13"]
[Round "2.10"]
[White "Gong Qianyun"]
[Black "Omurbekova, Diana"]
[Result "1-0"]
[WhiteElo "2298"]
[BlackElo "1822"]
[EventDate "2017.05.12"]
[PlyCount "71"]

1.e4 g6 2.d4 Bg7 3.Nf3 d6 4.Bc4 Nf6 5.Qe2 O-O 6.e5 Ne8 7.Nbd2 c5 8.dxc5 
dxc5 9.O-O Nc7 10.a4 Nc6 11.h3 Bf5 12.Nb3 b6 13.Rd1 Qc8 14.Bf4 Be6 15.Bg3 
Kh8 16.Nbd2 h6 17.Bd3 Bf5 18.Ne4 Ne6 19.c3 Rd8 20.Ba6 Rxd1+ 21.Rxd1 Qe8 
22.Nh4 Nxe5 23.Bxe5 Bxe5 24.Nxf5 gxf5 25.Bb5 Nf4 26.Qe3 Qg8 27.Ng3 f6 28.
Rd7 h5 29.Qf3 a6 30.Bc4 Qe8 31.Rxe7 Qf8 32.Nxh5 Ng6 33.Rd7 Rd8 34.Nxf6 
Rxd7 35.Nxd7 Qh6 36.Qa8+ 1-0

[Event "21st Asia-ch (w)"]
[Site "Chengdu CHN"]
[Date "2017.05.13"]
[Round "2.11"]
[White "Nie Xin"]
[Black "Tokhiryonova, Gulrukhbegim"]
[Result "1/2-1/2"]
[WhiteElo "2045"]
[BlackElo "2299"]
[EventDate "2017.05.12"]
[PlyCount "143"]

1.d4 d5 2.c4 e6 3.Nc3 Nf6 4.cxd5 exd5 5.Bg5 c6 6.Qc2 Be6 7.e3 Nbd7 8.Bd3 
Bd6 9.Nge2 h6 10.Bh4 O-O 11.f3 c5 12.O-O a6 13.Rad1 Rc8 14.Bf5 b5 15.Bxe6 
fxe6 16.dxc5 Bxc5 17.Qd2 Qb6 18.Bf2 Ne5 19.Nd4 Bb4 20.Rc1 Nc4 21.Qe2 e5 
22.Nf5 Qe6 23.Ng3 Rf7 24.Nb1 Rfc7 25.b3 Na3 26.Rxc7 Rxc7 27.Qd3 Nxb1 28.
Qxb1 Qc8 29.Qg6 Qe8 30.Qf5 Bd6 31.Ne2 Qd7 32.Qxd7 Nxd7 33.Rc1 Kf7 34.Kf1 
Ke6 35.Rxc7 Bxc7 36.Ke1 Bb6 37.Kd2 Nb8 38.Kd3 Nc6 39.a3 g5 40.h3 Bc5 41.a4
bxa4 42.bxa4 Na5 43.Nc3 Nc4 44.Nd1 Nb6 45.a5 Nc4 46.Be1 e4+ 47.fxe4 Ne5+ 
48.Ke2 dxe4 49.Nc3 Nc4 50.Nxe4 Be7 51.Kd3 Ne5+ 52.Ke2 Nc4 53.Kd3 Ne5+ 54.
Ke2 Nc4 55.Bd2 Kf5 56.Nf2 Bd8 57.Nd3 Nxd2 58.Kxd2 Bc7 59.Nc5 Bxa5+ 60.Kd3 
g4 61.e4+ Kf4 62.hxg4 Kxg4 63.Nxa6 Kg3 64.e5 Kxg2 65.e6 Bd8 66.Nb8 h5 67.
Nc6 Bg5 68.e7 Bxe7 69.Nxe7 h4 70.Ng6 h3 71.Nf4+ Kg3 72.Nxh3 1/2-1/2

[Event "21st Asia-ch (w)"]
[Site "Chengdu CHN"]
[Date "2017.05.13"]
[Round "2.13"]
[White "Atabaeva, Gozel"]
[Black "Nguyen Thi Thanh An"]
[Result "1/2-1/2"]
[WhiteElo "1990"]
[BlackElo "2280"]
[EventDate "2017.05.12"]
[PlyCount "83"]

1.e4 c5 2.Nf3 d6 3.d4 cxd4 4.Nxd4 Nf6 5.Nc3 a6 6.Be2 g6 7.Be3 Bg7 8.f3 O-O
9.Qd2 b5 10.O-O-O Bb7 11.Nb3 Nbd7 12.Bh6 Rc8 13.Bxg7 Kxg7 14.Kb1 Qc7 15.a3
Ne5 16.g4 Nc4 17.Bxc4 bxc4 18.Nd4 Rb8 19.h4 Bc6 20.Ka2 Qb7 21.Rb1 Bd7 22.
h5 Rg8 23.hxg6 fxg6 24.Nd5 Nxd5 25.exd5 Kf8 26.Rxh7 Qxd5 27.c3 Rb7 28.Re1 
Bc8 29.Qh6+ Ke8 30.Rh8 Qf7 31.Rh7 Qf6 32.Re4 e5 33.g5 Rxh7 34.Qxh7 Qg7 35.
Qh2 Rh8 36.Qe2 Qc7 37.f4 Rh4 38.fxe5 Rxe4 39.Qxe4 dxe5 40.Qxg6+ Qf7 41.Qe4
Qf4 42.Qg6+ 1/2-1/2

[Event "21st Asia-ch (w)"]
[Site "Chengdu CHN"]
[Date "2017.05.13"]
[Round "2.15"]
[White "Xu Yuze"]
[Black "Ren Xiaoyi"]
[Result "1/2-1/2"]
[WhiteElo "2040"]
[BlackElo "2257"]
[EventDate "2017.05.12"]
[PlyCount "164"]

1.e4 e5 2.Nf3 d6 3.d4 exd4 4.Nxd4 Nf6 5.Bd3 Be7 6.O-O c5 7.Nf3 Bg4 8.Nc3 
O-O 9.h3 Bh5 10.Bf4 Nc6 11.Be2 a6 12.a4 Bg6 13.Bd3 Nb4 14.Re1 Re8 15.Nh4 
Nxd3 16.Qxd3 Qb6 17.Nxg6 hxg6 18.b3 Rad8 19.Rad1 Qc6 20.Bg5 Nh5 21.Bxe7 
Rxe7 22.Nd5 Re6 23.f3 Nf6 24.Nxf6+ gxf6 25.Qd5 Qb6 26.Qc4 Qa5 27.Re3 b5 
28.Qc3 Qb6 29.Kf1 bxa4 30.bxa4 Rb8 31.Red3 Qc6 32.a5 Rb4 33.Kf2 Qc7 34.Rd5
Kg7 35.Ra1 Qb8 36.g4 Qb5 37.Rad1 Rc4 38.Qd3 Qb4 39.Rd2 Rc3 40.Qxa6 Qb1 41.
Qe2 Qh1 42.R5d3 Rc4 43.Kg3 Qg1+ 44.Qg2 Qa1 45.Qe2 Qxa5 46.Qd1 Ra4 47.Kg2 
Ra1 48.Qe2 Qb6 49.Rd1 Ra2 50.Qd2 Qb2 51.c4 Re8 52.Qxb2 Rxb2+ 53.R1d2 Rb4 
54.Rc2 Rd8 55.f4 g5 56.fxg5 fxg5 57.e5 Rb6 58.Rd5 Rb3 59.exd6 f6 60.Rcd2 
Rb6 61.Kf3 Kf7 62.Ke4 Re8+ 63.Kf3 Rd8 64.Rxc5 Rdxd6 65.Rxd6 Rxd6 66.Rd5 
Rc6 67.Rd4 Ke6 68.Ke4 Rc8 69.Kd3 Rh8 70.Re4+ Kd6 71.Re3 Ra8 72.Kd4 Ra1 73.
c5+ Kd7 74.c6+ Kxc6 75.Re6+ Kd7 76.Rxf6 Ra3 77.Ke5 Ke7 78.Rh6 Ra5+ 79.Ke4 
Kf7 80.Rd6 Ra3 81.Rd3 Ra4+ 82.Rd4 Ra3 1/2-1/2

[Event "21st Asia-ch (w)"]
[Site "Chengdu CHN"]
[Date "2017.05.13"]
[Round "2.18"]
[White "Khallaeva, Bakhar"]
[Black "Liu Shilan"]
[Result "1/2-1/2"]
[WhiteElo "2085"]
[BlackElo "2234"]
[EventDate "2017.05.12"]
[PlyCount "134"]

1.e4 c5 2.c3 d5 3.exd5 Qxd5 4.d4 Nf6 5.Nf3 Bg4 6.Nbd2 Nc6 7.Bc4 Bxf3 8.Qb3
Na5 9.Qb5+ Qd7 10.Nxf3 Nxc4 11.Qxc4 cxd4 12.Nxd4 Rc8 13.Qe2 Qg4 14.Qb5+ 
Qd7 15.Qe2 Qg4 16.Qb5+ Qd7 17.a4 a6 18.Qe2 Qg4 19.Qxg4 Nxg4 20.O-O e6 21.
Bf4 Be7 22.Rfe1 O-O 23.Re2 Rfd8 24.Nf3 Nf6 25.Bd2 Nd5 26.g3 Bf6 27.Be1 Ne7
28.Rd2 Nd5 29.Rad1 Re8 30.Rd3 h5 31.h4 Rc7 32.Kf1 Rec8 33.Nd4 g6 34.Ne2 
Kf8 35.Rf3 Be5 36.Bd2 Ke8 37.Rd3 Rd7 38.Be1 Rcd8 39.Nc1 Rc8 40.Ne2 Nb6 41.
b3 Rxd3 42.Rxd3 Nd7 43.c4 Nc5 44.Re3 Bf6 45.Bb4 Be7 46.Nf4 Rd8 47.Nd5 Bd6 
48.Ba5 Rc8 49.Nb6 Rc6 50.b4 Nd7 51.Nxd7 Kxd7 52.c5 Bc7 53.Rd3+ Kc8 54.Bxc7
Kxc7 55.Rf3 f5 56.Re3 Kd7 57.Re5 Rc8 58.Ke2 Ke7 59.Kd3 Rd8+ 60.Kc3 Rd1 61.
f4 Ra1 62.Kb3 Rb1+ 63.Kc3 Ra1 64.Kb3 Rb1+ 65.Kc4 Ra1 66.Kb3 Rb1+ 67.Kc3 
Ra1 1/2-1/2

[Event "21st Asia-ch (w)"]
[Site "Chengdu CHN"]
[Date "2017.05.13"]
[Round "2.19"]
[White "Luong Phuong Hanh"]
[Black "Hu Yu A"]
[Result "1/2-1/2"]
[WhiteElo "2224"]
[BlackElo "2043"]
[EventDate "2017.05.12"]
[PlyCount "73"]

1.d4 Nf6 2.Nf3 g6 3.g3 Bg7 4.Bg2 c5 5.O-O cxd4 6.Nxd4 Nc6 7.Nc3 O-O 8.Nb3 
d6 9.Bf4 Be6 10.Qd2 Qd7 11.Rfd1 Rfc8 12.Nb5 Bh3 13.Bf3 Bf5 14.c3 a6 15.
N5d4 Nxd4 16.Nxd4 Be4 17.Qe3 Bxf3 18.Nxf3 Ng4 19.Qd2 Rc5 20.h3 Ne5 21.Bxe5
Bxe5 22.Kg2 Rac8 23.Qe3 Bf6 24.Rd2 b5 25.Rad1 Qb7 26.Kh2 b4 27.cxb4 Qxb4 
28.a3 Qb7 29.b4 Rc3 30.Rd3 Qb5 31.Nd4 Qc4 32.Rxc3 Qxc3 33.Rd3 Qe1 34.Nf3 
Qa1 35.Nd2 Qe1 36.Nf3 Qf1 37.Nd2 1/2-1/2

[Event "21st Asia-ch (w)"]
[Site "Chengdu CHN"]
[Date "2017.05.13"]
[Round "2.20"]
[White "Mendoza, Shania Mae"]
[Black "Geldieva, Mekhri"]
[Result "1/2-1/2"]
[WhiteElo "2019"]
[BlackElo "2169"]
[EventDate "2017.05.12"]
[PlyCount "84"]

1.e4 e6 2.d4 d5 3.Nc3 Bb4 4.e5 c5 5.a3 Bxc3+ 6.bxc3 Qa5 7.Bd2 Qa4 8.Qg4 
Kf8 9.Qd1 Nc6 10.Nf3 Nge7 11.Qb1 c4 12.g3 Ng6 13.h4 h5 14.Bg5 Ke8 15.Be2 
Kd7 16.Nd2 Qa5 17.Qb2 Qb6 18.Qa2 Qa5 19.Qb2 Qa4 20.O-O Kc7 21.Rfb1 b6 22.
Qc1 Nf8 23.Nf1 Bd7 24.Qd1 g6 25.Bf3 Nh7 26.Bf4 Kb7 27.Qe2 Rag8 28.Qd2 Ka8 
29.Rb2 Qa6 30.a4 Na5 31.Nh2 Qc8 32.Bg2 Bc6 33.Nf3 Qd7 34.Rba2 Rc8 35.Bg5 
Bb7 36.Bf6 Nxf6 37.exf6 Qc7 38.Ne5 Kb8 39.Qf4 Ka8 40.Qe3 Kb8 41.Qf4 Ka8 
42.Qe3 Kb8 1/2-1/2

[Event "21st Asia-ch (w)"]
[Site "Chengdu CHN"]
[Date "2017.05.13"]
[Round "2.22"]
[White "Zhao Shengxin"]
[Black "Doan Thi Van Anh"]
[Result "0-1"]
[WhiteElo "2155"]
[BlackElo "1997"]
[EventDate "2017.05.12"]
[PlyCount "132"]

1.d4 d5 2.c4 c6 3.Nf3 e6 4.g3 f5 5.Bg2 Nf6 6.O-O Be7 7.b3 O-O 8.Ba3 Bd7 9.
Bxe7 Qxe7 10.e3 Be8 11.Nc3 Bh5 12.Ne2 Ne4 13.Nf4 Bxf3 14.Bxf3 g5 15.Nd3 
Nd7 16.Rc1 Rf6 17.Bg2 Rh6 18.b4 g4 19.b5 Qe8 20.Nf4 Ndf6 21.cxd5 exd5 22.
bxc6 bxc6 23.h4 gxh3 24.Bxh3 Nh5 25.Nxh5 Rxh5 26.Bg2 Rh6 27.Bf3 Rb8 28.Kg2
Rb7 29.Qc2 Rg7 30.Rh1 Rhg6 31.Bxe4 fxe4 32.Rb1 Qf8 33.Qe2 h6 34.Rb2 Qd6 
35.Rh3 Rf7 36.Qa6 Qf6 37.Qe2 Kh7 38.a4 Qd8 39.Qd2 Rgf6 40.Qe1 Qc8 41.Rh4 
Qa6 42.Qb4 Qd3 43.Rd2 Qa6 44.Rb2 Qd3 45.Rh1 Rg6 46.a5 Qa6 47.Qd2 Rgf6 48.
Rf1 Rf3 49.Qc3 Rxg3+ 50.fxg3 Qxf1+ 51.Kh2 Qa6 52.Kg2 Qc8 53.Rf2 Rg7 54.Rf6
Qc7 55.Qe1 c5 56.dxc5 Qxc5 57.Qd2 Qc7 58.Rf4 Qe5 59.a6 Rg6 60.Qe2 d4 61.
Rf7+ Kg8 62.Rf4 d3 63.Qf2 Qd6 64.Rxe4 d2 65.Rd4 Qxd4 66.Qf5 Qg4 0-1